Statistics for The Ballad of Songbirds and Snakes Soundtrack

Click here to take the quiz!

General Stats

  • This quiz has been taken 20 times
  • The average score is 9 of 17

Answer Stats

HintSongs% Correct
14Pure As The Driven Snow
95%
2The Hanging Tree
95%
4Nothing You Can Take From Me
79%
11Nothing You Can Take From Me (Boot-Stompin' Version)
79%
1Can't Catch Me Now
68%
8The Old Therebefore
68%
13Lucy Gray (part 1)
63%
17Lucy Gray (part 2)
63%
6The Ballad of Lucy Gray Baird
63%
16Keep On The Sunny Side
42%
7Bury Me Beneath The Willow
37%
9Burn Me Once
32%
12Cabin Song
32%
10District 12 Stomp
32%
5The Garden
32%
15Winter's Come And Gone
32%
3Wool
32%

Score Distribution

Percentile by Number Answered

Percent of People with Each Score

Your Score History

You have not taken this quiz